Normal view MARC view
  • पाशा जा

Entry Personal Name

Number of records used in: 1

001 - CONTROL NUMBER

  • control field: 63634

003 - CONTROL NUMBER IDENTIFIER

  • control field: OSt

005 - DATE AND TIME OF LATEST TRANSACTION

  • control field: 20220806110627.0

008 - FIXED-LENGTH DATA ELEMENTS

  • fixed length control field: 220806|| aca||aabn | a|a d

040 ## - CATALOGING SOURCE

  • Original cataloging agency: OSt
  • Transcribing agency: OSt

100 ## - HEADING--PERSONAL NAME

  • Personal name: पाशा जा

670 ## - SOURCE DATA FOUND

  • Source citation: Work cat.: (OSt)36131: पाशा जा., दंगलग्रस्‍त मुस्लिम मनाची वेदना, 2011